000 00391nam a22001697a 4500
005 20160630151842.0
008 160630b xxu||||| |||| 00| 0 eng d
020 _a81-88458-89-9
041 _aeng
082 _b14810
100 _aGupta, J B
_93167
245 _aLinear Integrated Circuit
260 _bKatson
_c2011
300 _a379
650 _aDiploma Engineering
_9817
942 _cBK
999 _c4959
_d4957